Science Quiz

Random Science or Biology Quiz
Score 0/24 Timer 06:00
2 Plays Today
Question Answer Wrong Answers
Who is an Okapi? Okapi
87.8%
Mantled Guereza
3.9%
Cape Rain Frog
2.5%
Great Blue Turaco
5.3%
Who is a Cape Vulture? Cape Vulture
83.9%
Cape Gannet
2.2%
Golden Eagle
7.5%
Kori Bustard
5.6%
Who is a Dromedary? Dromedary
77.1%
Vicuña
4%
Wild Ass
10.5%
Rhim Gazelle
8.1%
Who is an Elephant Shrew? Elephant Shrew
75.6%
Spring Hare
5.6%
Streaked Tenrec
3.5%
Naked Mole Rat
10.2%
Who is a Marabou Stork? Marabou Stork
68.5%
Crowned Hornbill
2.9%
Blue Breasted Kingfisher
2.2%
Scarlet Ibis
21%
Who is a Cape Pangolin? Cape Pangolin
68%
Pink Fairy Armadillo
16.6%
Pardine Genet
8.7%
Tree Agama
5.4%
Who is an Aye-aye? Aye-aye
66.1%
Rondo Dwarf Galago
21.9%
Ring-Tailed Lemur
3.2%
Patas Monkey
5.1%
Who is an Aardvark? Aardvark
64.8%
Warthog
2.5%
Tamandua
8.8%
Giant Anteater
21.6%
Who is a Cape Buffalo? Cape Buffalo
64.1%
Yak
17%
Eland
4%
Wildebeest
13.3%
Who is a Dik-dik? Dik-dik
61.2%
Little Bee Eater
9.9%
Regal Sun Bird
10.6%
Gerenuk
13.6%
Who is an African Hoopoe? African Hoopoe
61.1%
Tarsier
9.2%
Bongo
15.1%
Leaf-Tailed Gecko
10.7%
Who is a Mandrill? Mandrill
59.2%
Potto
8.7%
Gelada
11.3%
Proboscis Monkey
16.9%
Who is a Serval? Serval
58.7%
Cheetah
2.5%
Sand Cat
31.1%
Leopard
2.5%
Who is a Marbled Lungfish? Marbled Lungfish
58.5%
Mbu Puffer
15.1%
Cuckoo Catfish
8.6%
Peacock Cichlid
15.4%
Who is a Secretary Bird? Secretary Bird
57.5%
Cassowary
7.8%
Hamerkop
14.2%
Grey Crowned Crane
17.2%
Who is a Sacred Scarab Beetle? Sacred Scarab Beetle
55.4%
Centurion Roach
10.7%
Tiger Beetle
21.5%
Madagascar Hissing Cockroach
7.3%
Who is an Oryx? Oryx
54.1%
Hartebeest
12.4%
Sable Antelope
17.4%
Springbok
11.6%
Who is an Egyptian Mongoose? Egyptian Mongoose
53.9%
Meerkat
7.3%
Cape Ground Squirrel
8.8%
Nilgiri Marten
25.1%
Who is a Nubian Ibex? Nubian Ibex
53.1%
Glossy Ibis
9.4%
Kudu
31.5%
Rock Hyrax
3.1%
Who is a Nile Monitor? Nile Monitor
48.6%
Gharial
14.3%
Komodo Dragon
21.3%
Marine Iguana
11.6%
Who is a Boomslang? Boomslang
44.1%
Ball Python
19.6%
Puff Adder
18.5%
Forest Cobra
11.6%
Who is an African Civet? African Civet
43.5%
Striped Hyena
6.4%
Raccoon Dog
7.8%
Caracal
36%
Who is an Indri? Indri
37.7%
Congo Peafowl
22%
Coatimundi
29.4%
Rhinoceros Beetle
5.1%
Who is an Aardwolf? Aardwolf
34.5%
African Wild Dog
12.6%
Fossa
27.2%
Bat-eared Fox
19.8%
Remove Ads.
Support Sporcle.
Get the best of Sporcle when you Go Orange. This ad-free experience offers more features, more stats, and more fun while also helping to support Sporcle. Thank you for becoming a member.

You're not logged in!

Compare scores with friends on all Sporcle quizzes.
OR
Log In

Show Comments

Extras

Top Quizzes Today


Score Distribution

Your Account Isn't Verified!

In order to create a playlist on Sporcle, you need to verify the email address you used during registration. Go to your Sporcle Settings to finish the process.

Report this User

Report this user for behavior that violates our Community Guidelines.

Details: